ARRUPE JESUIT UNIVERSITY

CORONAVIRUS -STOP THE SPREAD - CLEAN,DISINFECT,COVER

Human rights in the shadow of colonial violence : (Record no. 130065)

MARC details
000 -LEADER
fixed length control field 01709cam a2200409 a 4500
001 - CONTROL NUMBER
control field 17523055
003 - CONTROL NUMBER IDENTIFIER
control field ARRUPE
005 - DATE AND TIME OF LATEST TRANSACTION
control field 20191118103655.0
008 - FIXED-LENGTH DATA ELEMENTS--GENERAL INFORMATION
fixed length control field 121107s2013 pau b 001 0 eng c
010 ## - LIBRARY OF CONGRESS CONTROL NUMBER
LC control number 2012045108
020 ## - INTERNATIONAL STANDARD BOOK NUMBER
International Standard Book Number 9780812244953
040 ## - CATALOGING SOURCE
Original cataloging agency PU/DLC
Transcribing agency PU
Modifying agency DLC
041 1# - LANGUAGE CODE
Language code of text/sound track or separate title eng
Language code of original and/or intermediate translations of text ger
042 ## - AUTHENTICATION CODE
Authentication code pcc
043 ## - GEOGRAPHIC AREA CODE
Geographic area code e-fr---
-- e-uk---
-- f-ae---
-- f-ke---
050 00 - LIBRARY OF CONGRESS CALL NUMBER
Classification number JC599.K4
Item number K5613 2013
082 00 - DEWEY DECIMAL CLASSIFICATION NUMBER
Classification number 965/.046
Edition number 23
300 ## - PHYSICAL DESCRIPTION
Dimensions 24 cm.
100 1# - MAIN ENTRY--PERSONAL NAME
Personal name Klose, Fabian.
9 (RLIN) 48760
240 10 - UNIFORM TITLE
Uniform title <a href="Menschenrechte im Schatten kolonialer Gewalt.">Menschenrechte im Schatten kolonialer Gewalt.</a>
Language of a work English
245 10 - TITLE STATEMENT
Title Human rights in the shadow of colonial violence :
Remainder of title the wars of independence in Kenya and Algeria /
Statement of responsibility, etc Fabian Klose ; translated by Dona Geyer.
250 ## - EDITION STATEMENT
Edition statement 1st ed.
260 ## - PUBLICATION, DISTRIBUTION, ETC. (IMPRINT)
Place of publication, distribution, etc Philadelphia :
Name of publisher, distributor, etc University of Pennsylvania Press,
Date of publication, distribution, etc c2013.
300 ## - PHYSICAL DESCRIPTION
Extent xvii, 369 p. ;
490 1# - SERIES STATEMENT
Series statement Pennsylvania studies in human rights
500 ## - GENERAL NOTE
General note English translation of Menschenrechte im Schatten kolonialer Gewalt: die Dekolonisierungskriege in Kenia und Algerien 1945-1962, published in 2009 by Oldenbourg.
504 ## - BIBLIOGRAPHY, ETC. NOTE
Bibliography, etc Includes bibliographical references and index.
650 #0 - SUBJECT ADDED ENTRY--TOPICAL TERM
Topical term or geographic name as entry element Human rights
Geographic subdivision Kenya.
9 (RLIN) 24650
650 #0 - SUBJECT ADDED ENTRY--TOPICAL TERM
Topical term or geographic name as entry element Human rights
Geographic subdivision Algeria.
9 (RLIN) 48761
651 #0 - SUBJECT ADDED ENTRY--GEOGRAPHIC NAME
Geographic name Kenya
General subdivision History
Chronological subdivision Mau Mau Emergency, 1952-1960.
9 (RLIN) 1542
651 #0 - SUBJECT ADDED ENTRY--GEOGRAPHIC NAME
Geographic name Algeria
General subdivision History
Chronological subdivision Revolution, 1954-1962.
9 (RLIN) 6108
651 #0 - SUBJECT ADDED ENTRY--GEOGRAPHIC NAME
Geographic name Great Britain
General subdivision Colonies
Geographic subdivision Africa.
9 (RLIN) 21881
651 #0 - SUBJECT ADDED ENTRY--GEOGRAPHIC NAME
Geographic name France
General subdivision Colonies
Geographic subdivision Africa.
9 (RLIN) 32044
830 #0 - SERIES ADDED ENTRY--UNIFORM TITLE
Uniform title Pennsylvania studies in human rights.
9 (RLIN) 19012
906 ## - LOCAL DATA ELEMENT F, LDF (RLIN)
a 7
b cbc
c orignew
d 1
e ecip
f 20
g y-gencatlg
942 ## - ADDED ENTRY ELEMENTS (KOHA)
Source of classification or shelving scheme Library of Congress Classification
Koha item type Monograph ( Printed materials)
Holdings
Withdrawn status Lost status Source of classification or shelving scheme Damaged status Not for loan Collection code Home library Current library Shelving location Date acquired Total Checkouts Full call number Barcode Date last seen Price effective from Koha item type
    Library of Congress Classification     Main Collection ARRUPE LIBRARY ARRUPE LIBRARY Main Collection 18/11/2019   JC599.K4 K5613 2013 46600005884 18/11/2019 18/11/2019 Monograph ( Printed materials)

 

Arrupe Library. PO Box MP320 Mt Pleasant, Harare, Zimbabwe
263 242 745411|librarian@aju.ac.zw